000
00280nam a22001097a 4500
008
240709b |||||||| |||| 00| 0 eng d
100
_a
Sabhani, Teerath
_9
16728
245
_a
Dilkar Darkhal je Dastoor
260
_a
Bombay:
_b
Lok Seva Mandal;
_c
1968.
300
_a
156p.
942
_c
BK
999
_c
39800
_d
39800